000 00929 a2200229 4500
020 _a9810218788
035 _a(OCoLC)31876567
040 _aDLC
_bEnglish
082 0 0 _a531.1133
245 1 0 _a7th Conference on Waves and Stability in Continuous Media : Bologna, Italy, October 4-9, 1993
_ceditors, Salvatore Rionero, Tommaso Ruggeri.
260 _aSingapore ;
_aRiver Edge, NJ :
_bWorld Scientific,
_cc1994.
300 _axiii, 429 p. :
_bill. ;
_c23 cm.
440 0 _aSeries on advances in mathematics for applied sciences ;
_vv. 23
650 0 _aWave-motion, Theory of
_xCongresses.
650 0 _aStability
_xCongresses.
700 1 _aRionero, Salvatore.
700 1 _aRuggeri, Tommaso.
740 0 _aConference on Waves and Stability in Continuous Media.
740 0 _aWaves and stability in continuous media.
740 0 _aSeventh Conference on Waves and Stability in Continuous Media.
942 _cBK
_k531.1133 RIO
_2ddc
999 _c7747
_d7747